[Event "THA Amatuer-ch"]
[Site "Thailand"]
[Date "2019.02.18"]
[Round "4"]
[White "Chuersakul, Sarocha"]
[Black "Houston, Jay"]
[Result "0-1"]
[WhiteElo "1692"]
[BlackElo "1378"]
[PlyCount "66"]
[EventDate "2019.02.16"]
[EventType "swiss"]
[EventRounds "7"]
[EventCountry "THA"]
[SourceTitle "CBM 189 Extra"]
[Source "ChessBase"]
[SourceDate "2019.06.03"]
[SourceVersion "1"]
[SourceVersionDate "2019.06.03"]
[SourceQuality "1"]

1. d4 d5 2. c4 e6 3. Nf3 Nf6 4. g3 Be7 5. Bg2 Nbd7 6. 0-0 0-0 7. Nc3 b6 8. Re1 Bb7 9. cxd5 Nxd5 10. e4 Nxc3 11. bxc3 c5 12. Bb2 Rc8 13. Qe2 Nf6 14. Ne5 Bd6 15. Red1 Bxe5 16. dxe5 Nd7 17. c4 Qc7 18. f4 Rfd8 19. Rd6 Nb8 20. Rad1 Nc6 21. f5 exf5 22. exf5 Rxd6 23. exd6 Qd7 24. Qg4 g6 25. Bh3 h5 26. Qg5 Nd4 27. Bg2 Bxg2 28. Bxd4 cxd4 29. Kxg2 Qxd6 30. f6 Rxc4 31. Re1 Qc6+ 32. Kh3 Qd7+ 33. Kh4 d3+ 0-1

[Event "THA Amatuer-ch"]
[Site "Thailand"]
[Date "2019.02.18"]
[Round "3"]
[White "Panyoyai, Pacharapong"]
[Black "Houston, Jay"]
[Result "0-1"]
[WhiteElo "1065"]
[BlackElo "1378"]
[PlyCount "48"]
[EventDate "2019.02.16"]
[EventType "swiss"]
[EventRounds "7"]
[EventCountry "THA"]
[SourceTitle "CBM 189 Extra"]
[Source "ChessBase"]
[SourceDate "2019.06.03"]
[SourceVersion "1"]
[SourceVersionDate "2019.06.03"]
[SourceQuality "1"]

1. d4 d5 2. c4 e6 3. cxd5 exd5 4. Nc3 Bb4 5. Qa4+ Nc6 6. Bd2 Nf6 7. Nf3 Bd7 8. e3 a6 9. Ne5 Bxc3 10. Bxc3 Nxe5 11. Qb4 Ng6 12. Qxb7 Qb8 13. Qxb8+ Rxb8 14. Bxa6 Bb5 15. Bxb5+ Rxb5 16. 0-0 0-0 17. Rac1 Ra8 18. a3 Rc8 19. Rfe1 c5 20. dxc5 Rbxc5 21. h3 Ne4 22. f3 Nxc3 23. bxc3 Rxc3 24. Rxc3 Rxc3 0-1